01119cas a22003137a 450000500170000000800410001701000100005801100100006802200140007803500100009224500770010226000720017930000160025131000140026736200190028159000410030059000410034159000410038259000420042365000640046586600540052986600530058386600520063686600520068886600180074090100070075890500230076599900170078820220329142018.0990211c1959 us br p rnn 0 0b1eng d a77025 a779970 a0001-2351 a8777600aTransactions of the ASAEc/by American Society of Agricultural Engineers0 aSt Joseph, MI :bAmerican Society of Agricultural Engineers,c1959- av. :bilus. aBimensual1 av.41 n.5, 1998 aBATCH-UPDb10c20130110lUCH01h2339 aBATCH-UPDb10c20130410lUCH01h1627 aBATCH-UPDb10c20130914lUCH01h1639 aCONVERSIONb10c20130109lUCH01h134214aIngeniería agrícolaxPublicaciones periódicas.958205 av. 41 n. 1 (Jan., 1998) - v. 42 n. 6 (Dec., 1999) av. 43 n. 1 (Jan., 2000) - v. 43 n. 6 (Dec. 2000) av. 45 n. 1 (Jan. 2002) - v. 46 n. 6 (Dec. 2003) av. 47 n. 1 (Jan. 2004) - v. 47 n. 6 (Dec. 2004) av.26 - (1983) aSE aLilia Sánchez G. c77025d77025